Países más cercanos a San Vicente y las Granadinas - ¡Muerte súbita! - Estadísticas

Estadísticas generales
  • Esta prueba ha sido intentada 18 veces
  • La puntuación promedio es 7 de 15
Answers on the Grid
Answers color-coded by a green-red scale on the quiz's grid according to % correct below.
San Cristóbal y Nieves
Antigua y Barbuda
Dominica
Santa Lucía
Barbados
Granada
Trinidad y Tobago
Venezuela
Guyana
Surinam
Brasil
República Dominicana
Colombia
Haití
Bahamas
Cuba
Jamaica
Estados Unidos
México
Belice
Guatemala
El Salvador
Honduras
Nicaragua
Costa Rica
Panamá
Ecuador
Perú
Bolivia
Paraguay
 
Estadísticas de respuestas
Respuesta % Correcto
Dominica
73%
San Cristóbal y Nieves
73%
Antigua y Barbuda
64%
Trinidad y Tobago
64%
Colombia
55%
Santa Lucía
55%
Barbados
45%
Granada
45%
Bahamas
36%
Guyana
36%
Brasil
27%
Haití
27%
República Dominicana
27%
Surinam
27%
Venezuela
18%
No se encontraron pruebas coincidentes
Distribución de puntuación
Porcentaje de gente con cada puntuación
Porcentaje por número respondido
Historial de tus puntuaciones
No has intentado esta prueba.